[Event "AUTO-OPEN-1246"]
[Site "http://www.queenalice.com/game.php?id=455898"]
[Date "2008.8.30"]
[Round "1"]
[White "jeancarlo1910"]
[Black "manoelconstante"]
[Result "1-0"]
[WhiteElo "1799"]
[BlackElo "1444"]

1. d4 b5 2. e4 a6 3. f4 d6 4. Nf3 Nf6 5. Nc3 Bb7 6. Bd3 Ng4 7. Bd2 c6 8. b4 a5
9. a3 a4 10. Qe2 h5 11. e5 d5 12. Ng5 e6 13. h3 f6 14. Nxe6 Qe7 15. Bg6+ Kd7 16.
Nc5+ Kc7 17. hxg4 h4 18. f5 fxe5 19. dxe5 Nd7 20. Nxd7 Kxd7 21. e6+ Kc7 22.
O-O-O Qd6 23. Qf3 d4 24. Bf4 Qxf4+ 25. Qxf4+ Bd6 26. Qxd4 Rhd8 27. Qxg7+ Kb6 28.
Rxh4 Bf4+ 29. Kb1 Rxd1+ 30. Nxd1 Rd8 31. Rh1 Rd2 32. e7 c5 33. bxc5+ Ka5 34.
e8=Q Rxc2 35. Qa8+ Bxa8 36. Qa7# 1-0

[Event "AUTO-OPEN-1246"]
[Site "http://www.queenalice.com/game.php?id=455899"]
[Date "2008.8.30"]
[Round "1"]
[White "manoelconstante"]
[Black "jeancarlo1910"]
[Result "0-1"]
[WhiteElo "1442"]
[BlackElo "1784"]

1. g4 e5 2. h4 Be7 3. Nf3 Nc6 4. Bh3 e4 5. Ng1 Bxh4 6. Bg2 Qf6 7. Nh3 Nh6 8. e3
d6 9. g5 Bxg5 10. Nxg5 Ng4 11. Rf1 Nh2 12. f4 Bg4 13. Qxg4 Nxg4 14. Bxe4 Qe7 15.
d3 f6 16. Nh3 g6 17. c4 f5 18. Bd5 Qh4+ 19. Nf2 Nxf2 20. Rxf2 Nb4 21. Ke2 c6 22.
Be6 Ke7 23. Bd2 Nc2 24. b3 Nxa1 25. Bc3 Nc2 26. d4 Rhe8 27. d5 a5 28. a4 Qg3 29.
Bd4 Nxd4+ 30. exd4 Qxb3 31. Nd2 Qxa4 32. Rh2 h5 33. Rg2 Kf6 34. Rg5 b5 35. cxb5
Qxb5+ 36. Kd1 cxd5 37. Bxf5 Qa4+ 38. Bc2 Qa1+ 39. Bb1 Qxd4 40. Bxg6 Qxf4 41.
Rf5+ Qxf5 42. Bxf5 Kxf5 43. Nc4 dxc4 44. Kd2 a4 0-1

[Event "AUTO-OPEN-1246"]
[Site "http://www.queenalice.com/game.php?id=455945"]
[Date "2008.8.30"]
[Round "1"]
[White "manoelconstante"]
[Black "LeoDZeppelin"]
[Result "0-1"]
[WhiteElo "1440"]
[BlackElo "1565"]

1. g4 e5 2. h4 d5 3. f3 d4 4. d3 Nc6 5. a4 Be6 6. b3 Nf6 7. Na3 Bb4+ 8. Bd2 O-O
9. Nc4 Qd5 10. e4 dxe3 11. Nxe3 Qd4 12. Ne2 Bxd2+ 13. Kxd2 Qc5 14. c4 Nd4 15.
Nc3 Qb4 16. Rb1 Rad8 17. g5 Nh5 18. f4 Nxf4 19. Ng4 Bxg4 20. Qxg4 Nxb3+ 21. Ke1
Qxc3+ 22. Kf2 Nxd3+ 23. Kg1 Nf4 24. Rh3 Nxh3+ 25. Bxh3 Rd3 26. Kh2 Qc2+ 27. Bg2
Qxb1 28. Be4 Qb2+ 29. Kh1 Rd1+ 30. Qxd1 Nd2 31. h5 Nxe4 32. h6 Nf2+ 33. Kg1 Nxd1
34. hxg7 Qf2+ 35. Kh1 Qh4+ 36. Kg1 Qg3+ 37. Kh1 Nf2# 0-1

[Event "QA-ANNIV-04"]
[Site "http://www.queenalice.com/game.php?id=479273"]
[Date "2008.10.18"]
[Round "3"]
[White "ronmos14"]
[Black "manoelconstante"]
[Result "0-1"]
[WhiteElo "1632"]
[BlackElo "1497"]

1. c4 c5 2. e3 b6 3. Qc2 a5 4. Nf3 Nc6 5. Bd3 g6 6. Nh4 e5 7. Be4 Qxh4 8. Nc3
Nf6 9. Bxc6 dxc6 10. Qa4 Bd7 11. d4 cxd4 12. exd4 exd4 13. Ne2 Bc5 14. O-O Ng4
15. Bf4 d3 16. Nc3 Bxf2+ 17. Kh1 O-O 18. Ne4 Rfe8 19. Nxf2 Nxf2+ 20. Rxf2 Qxf2
21. Qd1 Qxf4 22. Qxd3 Bf5 23. Rf1 Bxd3 24. Rd1 Qf1+ 25. Rxf1 Bxf1 0-1

[Event "AUTO-OPEN-1335"]
[Site "http://www.queenalice.com/game.php?id=492578"]
[Date "2008.11.13"]
[Round "1"]
[White "manoelconstante"]
[Black "erdnaxela"]
[Result "0-1"]
[WhiteElo "1534"]
[BlackElo "1637"]

1. a4 e5 2. b3 Qf6 3. g3 Bc5 4. e3 e4 5. c3 Nh6 6. d4 Bd6 7. f4 O-O 8. h4 Nf5 9.
Ne2 Nc6 10. Bg2 Re8 11. Nd2 Qg6 12. Nxe4 Be7 13. h5 Qh6 14. g4 Bh4+ 15. Kd2 Nd6
16. Rxh4 Nxe4+ 17. Bxe4 Rxe4 18. Ng3 Re8 19. g5 Qe6 20. Kd3 b6 21. h6 g6 22. Qf3
Bb7 23. e4 Ba6+ 24. c4 Nb4+ 25. Kc3 c5 26. d5 Qd6 27. Bd2 Bb7 28. f5 Qe5# 0-1

[Event "AUTO-OPEN-1335"]
[Site "http://www.queenalice.com/game.php?id=492579"]
[Date "2008.11.13"]
[Round "1"]
[White "erdnaxela"]
[Black "manoelconstante"]
[Result "0-1"]
[WhiteElo "1649"]
[BlackElo "1520"]

1. e4 g5 2. Nf3 f6 3. Nc3 e5 4. Bc4 c5 5. g4 d6 6. h3 a5 7. O-O h5 8. gxh5 Bxh3
9. Re1 Ne7 10. Nd5 Bg7 11. d3 Rxh5 12. Nd4 exd4 13. Qxh5+ Kf8 14. Qxh3 Nd7 15.
Bb5 Nc6 16. a3 a4 17. Bxc6 bxc6 18. Nxf6 Bxf6 19. Qh6+ Ke7 20. Bxg5 Qg8 21. f4
Rf8 22. e5 dxe5 23. fxe5 Bxg5 24. Qd6+ Kd8 25. Qxc6 Be3+ 26. Kh1 Qh8+ 27. Kg2
Qg8+ 28. Kh1 Qg3 29. Qa8+ Ke7 30. Qg2 Rh8+ 31. Qh2 Qf3# 0-1

[Event "AUTO-OPEN-1335"]
[Site "http://www.queenalice.com/game.php?id=492580"]
[Date "2008.11.13"]
[Round "1"]
[White "manoelconstante"]
[Black "joaohumberto"]
[Result "1-0"]
[WhiteElo "1581"]
[BlackElo "1583"]

1. b4 e5 2. c3 a6 3. a4 d6 4. a5 Nf6 5. h4 Ne4 6. f3 Nf6 7. d3 d5 8. g4 Nc6 9.
g5 d4 10. Nh3 Nh5 11. Qa4 b5 12. Qc2 Bd6 13. e4 dxc3 14. Ba3 Bb7 15. Qxc3 Nd4
16. Nd2 Ng3 17. Rg1 Nxf1 18. Rxf1 O-O 19. f4 Qd7 20. Nf2 Rac8 21. h5 f5 22. h6
fxe4 23. Ndxe4 Rxf4 24. Nc5 Qf5 25. Nxb7 Rxf2 26. Rxf2 Qxg5 27. Nxd6 Qg1+ 28.
Rf1 Qg3+ 29. Rf2 gxh6 30. Nxc8 Qe3+ 31. Kf1 Qh3+ 32. Rg2+ Kh8 33. Ne7 Qf3+ 34.
Kg1 Qe3+ 35. Kh1 Qh3+ 36. Kg1 Qe3+ 37. Kh2 Qf4+ 38. Rg3 Ne2 39. Qe1 Nxg3 40.
Qxg3 Qxg3+ 41. Kxg3 Kg7 42. Bb2 Kf6 43. Nc6 Kg5 44. Bxe5 h5 45. Rh1 h6 46. Bxc7
Kg6 47. d4 Kf6 48. Rxh5 Kg6 49. Kg4 Kh7 50. d5 Kg7 51. d6 Kf7 52. d7 Ke6 53.
d8=Q Kf7 54. Qd7+ Kg6 55. Ne5+ Kf6 56. Rxh6# 1-0

[Event "AUTO-OPEN-1335"]
[Site "http://www.queenalice.com/game.php?id=492581"]
[Date "2008.11.13"]
[Round "1"]
[White "joaohumberto"]
[Black "manoelconstante"]
[Result "0-1"]
[WhiteElo "1558"]
[BlackElo "1458"]

1. d4 d5 2. Nc3 a5 3. a4 c6 4. e4 e6 5. e5 f5 6. exf6 Qxf6 7. Nf3 Na6 8. Ne5 Nb4
9. f3 b6 10. Nxc6 Nxc6 11. Bb5 Bd7 12. Qe2 Qxd4 13. Be3 Qh4+ 14. g3 Qb4 15. Ra2
d4 16. Bxc6 Bxc6 17. O-O dxe3 18. Qxe3 Bc5 19. Qxc5 Qxc5+ 20. Kg2 Rd8 21. Raa1
Rd2+ 22. Kh3 Qh5# 0-1

[Event "AUTO-INT-1119"]
[Site "http://www.queenalice.com/game.php?id=499818"]
[Date "2008.11.29"]
[Round "1"]
[White "leo2dipikke"]
[Black "manoelconstante"]
[Result "1-0"]
[WhiteElo "1530"]
[BlackElo "1478"]

1. e4 c5 2. Nf3 b6 3. Bc4 Nc6 4. d4 e6 5. c3 h5 6. d5 Na5 7. Be2 Nf6 8. Bg5 Bb7
9. dxe6 fxe6 10. Ne5 Be7 11. Bb5 Nc6 12. Ng6 Nxe4 13. Bxe7 Nxe7 14. Ne5 Bc8 15.
Qf3 Bb7 16. Qf7# 1-0

[Event "AUTO-INT-1119"]
[Site "http://www.queenalice.com/game.php?id=499819"]
[Date "2008.11.29"]
[Round "1"]
[White "manoelconstante"]
[Black "leo2dipikke"]
[Result "1-0"]
[WhiteElo "1478"]
[BlackElo "1542"]

1. c4 e5 2. d3 c5 3. b3 Nf6 4. e4 Nc6 5. a4 Nd4 6. Nf3 Qb6 7. Ra3 d6 8. Nc3 Bg4
9. h3 Nxf3+ 10. gxf3 Bh5 11. h4 Qb4 12. Kd2 O-O-O 13. Kc2 Nd7 14. Nb5 Kb8 15. a5
d5 16. Ra4 Qxa4 17. bxa4 a6 18. Nd6 Bxd6 19. Rg1 g6 20. Bh3 dxe4 21. dxe4 Nf6
22. Qd3 Bc7 23. Qb3 Bxa5 24. Qe3 Rd4 25. Qg5 Nd7 26. Bxd7 Rxd7 27. Qxe5+ Ka8 28.
Qxh8+ Rd8 29. Qxh7 Bxf3 30. Qxf7 Bxe4+ 31. Kb2 Rd3 32. Qe7 Bc3+ 33. Kc2 Rd7+ 34.
Qxe4 1-0

[Event "AUTO-INT-1119"]
[Site "http://www.queenalice.com/game.php?id=499834"]
[Date "2008.11.29"]
[Round "1"]
[White "AndreMS"]
[Black "manoelconstante"]
[Result "0-1"]
[WhiteElo "1524"]
[BlackElo "1541"]

1. e4 c5 2. Nf3 b6 3. Nc3 d6 4. Bb5+ Bd7 5. Bxd7+ Qxd7 6. d3 a5 7. O-O e5 8. b3
f6 9. Nd5 Ra6 10. a4 Ne7 11. Nxe7 Bxe7 12. c3 h5 13. d4 Qc6 14. d5 Qd7 15. h3 f5
16. exf5 Qxf5 17. c4 g6 18. Bb2 Rg8 19. Ne1 g5 20. Qxh5+ Kd7 21. Qf3 Rf8 22.
Qxf5+ Rxf5 23. f3 Ra8 24. g4 Rf4 25. Bc1 Rf7 26. Kg2 Na6 27. Nd3 Rh8 28. Rh1 Bf6
29. Kf2 e4 30. Nb2 Bd4+ 31. Kg2 exf3+ 32. Kg3 f2 33. Rf1 Rhf8 34. Ra2 Nb4 35.
Ra1 Rf3+ 36. Kg2 Nc2 37. Ra2 Be5 38. Nd3 Ne3+ 39. Bxe3 Rxe3 40. Nxe5+ dxe5 41.
Rfxf2 Rxf2+ 42. Rxf2 Rxb3 43. Rf5 Rb4 44. Rxe5 Rxc4 45. Rxg5 Rxa4 46. h4 c4 47.
Rg7+ Kd6 48. h5 c3 49. Rg6+ Kxd5 50. h6 c2 51. Rg5+ Ke4 52. h7 c1=Q 53. h8=Q
Qxg5 54. Qe8+ Kd3 55. Qxa4 Kd2 56. Qa2+ Kd3 57. Qb1+ Kc4 58. Qe4+ Kc5 59. Qf5+
Qxf5 60. gxf5 Kd6 61. Kg3 a4 62. Kg4 Ke7 63. Kf4 a3 64. Kg5 a2 65. f6+ Kf7 66.
Kf5 a1=Q 67. Ke4 Kxf6 68. Kd5 b5 69. Kc5 Qb1 70. Kb6 b4 71. Ka5 b3 72. Ka4 b2
73. Ka3 Qa1+ 74. Kb3 b1=Q+ 0-1

[Event "AUTO-INT-1119"]
[Site "http://www.queenalice.com/game.php?id=499835"]
[Date "2008.11.29"]
[Round "1"]
[White "manoelconstante"]
[Black "AndreMS"]
[Result "1/2-1/2"]
[WhiteElo "1522"]
[BlackElo "1471"]

1. c4 e5 2. d3 Bb4+ 3. Bd2 Bxd2+ 4. Nxd2 Nf6 5. b3 O-O 6. f3 d6 7. a4 b6 8. h4
Bb7 9. g3 c6 10. Bh3 d5 11. g4 h6 12. g5 hxg5 13. hxg5 Ne8 14. Bg4 Qxg5 15. Nh3
Qh6 16. Nf1 d4 17. Ng3 g6 18. Kf2 f5 19. Bxf5 gxf5 20. Qg1 Qe3+ 21. Ke1 Qxg1+
22. Rxg1 Ng7 23. Kd2 c5 24. Ng5 f4 25. N3e4 Bxe4 26. Nxe4 Nd7 27. Rg5 Rf5 28.
Rg2 Rh5 29. Rag1 Rh7 30. Ng5 Rh5 31. Ne6 Kf7 32. Nxg7 Rh7 33. e4 Rg8 34. Nf5
Rxg2+ 35. Rxg2 Rh3 36. Nd6+ Ke6 37. Nc8 Rxf3 38. Nxa7 Rf1 39. Rg6+ Kf7 40. Ke2
Ra1 41. Rh6 Ra2+ 42. Ke1 f3 43. Rh7+ Ke6 44. Rh3 f2+ 45. Kf1 Kf6 46. Nc8 Kg5 47.
Rh7 Nf6 48. Re7 Kf4 49. Rf7 Ke3 50. Rxf6 Kxd3 51. Nxb6 Kxe4 52. Nd5 Kd3 53. Rf3+
Ke4 54. Rh3 d3 55. Nc3+ Kd4 56. Nxa2 d2 57. Nc3 e4 58. Nd1 Ke5 59. Kxf2 Kd4 60.
Ke2 e3 61. Rxe3 1/2-1/2

[Event "AUTO-INT-1119"]
[Site "http://www.queenalice.com/game.php?id=499845"]
[Date "2008.11.29"]
[Round "1"]
[White "manoelconstante"]
[Black "sebastiam"]
[Result "1-0"]
[WhiteElo "1518"]
[BlackElo "1506"]

1. c4 e6 2. b3 d5 3. d3 Qf6 4. d4 Bd6 5. g3 b5 6. cxb5 c5 7. Nf3 cxd4 8. Nxd4
Bc5 9. e3 e5 10. Nc2 h5 11. Qxd5 Nc6 12. Qxc5 Bb7 13. bxc6 Bxc6 14. Rg1 Ne7 15.
Bb5 O-O 16. a4 Rac8 17. Qxa7 Bxb5 18. axb5 Ra8 19. Qb7 Rxa1 20. Nca3 Ra2 21. Rg2
Rc8 22. Kd1 e4 23. Qxe4 Rd8+ 24. Ke1 Qb6 25. Qxe7 Qa5+ 26. b4 Qa8 27. e4 Qc8 28.
Qg5 Rd3 29. g4 f6 30. Qf4 Qd8 31. Bd2 g5 32. gxh5 Qe8 33. h4 Qe6 34. hxg5 Qh3
35. Rg3 Rxg3 36. fxg3 Qg2 37. gxf6 Rb2 38. f7+ Kf8 39. b6 Qg1+ 40. Ke2 Qh1 41.
Qd6+ Kg7 42. f8=Q+ Kh7 43. Qdh6# 1-0

[Event "manoelconstante"]
[Site "http://www.queenalice.com/game.php?id=505746"]
[Date "2008.12.10"]
[Round "-"]
[White "foda"]
[Black "manoelconstante"]
[Result "0-1"]
[WhiteElo "1333"]
[BlackElo "1556"]

1. e4 d6 2. Bc4 g6 3. Qf3 f6 4. d3 e5 5. Bg5 h5 6. Bxg8 Rxg8 7. Bxf6 Be7 8. Bxe7
Qxe7 9. Nc3 c6 10. Nge2 Rf8 11. Qg3 Qf6 12. O-O b5 13. a4 b4 14. Na2 c5 15. c3
a5 16. cxb4 axb4 17. Rfc1 Nc6 18. Rf1 Rxa4 19. b3 Ra3 20. f4 exf4 0-1

[Event "QA-ANNIV-04"]
[Site "http://www.queenalice.com/game.php?id=514295"]
[Date "2008.12.29"]
[Round "4"]
[White "manoelconstante"]
[Black "lrmaster"]
[Result "0-1"]
[WhiteElo "1597"]
[BlackElo "2035"]

1. h4 d5 2. g3 Bf5 3. d3 h6 4. Nf3 Nc6 5. Nc3 e6 6. a4 Nf6 7. e3 Bb4 8. Bd2 O-O
9. Nb5 Be7 10. b3 a6 11. Na3 Re8 12. d4 Ne4 13. Ne5 Nxe5 14. dxe5 Nxd2 15. Qxd2
f6 16. f4 fxe5 17. fxe5 Rf8 18. c3 Be4 19. Rh2 a5 20. Bh3 Bf5 21. Nb5 Bxh3 22.
Rxh3 Rf5 23. Qd4 c6 24. g4 c5 25. Qd2 Rxe5 26. Ke2 Bxh4 27. Rf1 Qg5 28. Rf4 Qxf4
29. Rxh4 Rf8 30. Kd3 c4+ 31. bxc4 Qxc4+ 32. Kc2 Qxa4+ 33. Kc1 Rf1+ 34. Kb2 Qxb5+
35. Kc2 Qb1# 0-1